Venezuela
Základná hospodárska charakteristika Venezuely. Znaky venezuelského zahraničného obchodu. Vzťahy Českej republiky a Venezuely. Perspektívne trhové sektory a komodity. Vzájomný obchod medzi Českou republikou a Venezuelou.
Enregistré dans:
| Auteur principal: | |
|---|---|
| Format: | Chapitre de livre |
| Langue: | tchèque |
| Sujets: | |
| Tags: |
Pas de tags, Soyez le premier à ajouter un tag!
|
MARC
| LEADER | 00000naa a2200000 4500 | ||
|---|---|---|---|
| 001 | r032493 | ||
| 005 | 20230920094933.0 | ||
| 041 | 0 | |a cze | |
| 044 | |a CZ | ||
| 245 | 1 | 0 | |a Venezuela |c Jan Puschman |
| 520 | |a Základná hospodárska charakteristika Venezuely. Znaky venezuelského zahraničného obchodu. Vzťahy Českej republiky a Venezuely. Perspektívne trhové sektory a komodity. Vzájomný obchod medzi Českou republikou a Venezuelou. | ||
| 610 | 2 | 0 | |a Venezuela |
| 610 | 2 | 0 | |a Česko |
| 610 | 2 | 0 | |a obchod zahraničný |
| 610 | 2 | 0 | |a ukazovatele ekonomické |
| 610 | 2 | 0 | |a priemysel |
| 610 | 2 | 0 | |a poľnohospodárstvo |
| 610 | 2 | 0 | |a bilancia obchodná |
| 610 | 2 | 0 | |a komodity |
| 100 | 1 | |a Puschman, Jan | |